000 00508nam a2200217Ia 4500
003 OSt
005 20221005125709.0
006 a|||||r|||| 00| 0
007 ta
008 221004b |||||||| |||| 00| 0 eng d
024 _a56861
037 _cTextual
040 _aCRL
_cCRL
_beng
041 _2eng
_aeng
082 _aU:23156k, K4
245 0 _aPoona district gazetteer,
260 _c1964
650 _aGEOGRAPHY
942 _hU:23156k, K4
_cTEXL
_2cc
999 _c1054801
_d1054801